សត្វល្អិតបំផ្លាញអង្ករក្នុងឃ្លាំងស្តុកទុកផលិតផលនៃព្រះរាជា​​​​​​​​​​​​​​​​​​​​​​​​​​​​​​ណាចក្រកម្ពុជា (Record no. 1874)

000 -LEADER
fixed length control field 00679nam a22001577a 4500
003 - CONTROL NUMBER IDENTIFIER
control field OSt
005 - DATE AND TIME OF LATEST TRANSACTION
control field 20151004100704.0
008 - FIXED-LENGTH DATA ELEMENTS--GENERAL INFORMATION
fixed length control field 151004b xxu||||| |||| 00| 0 eng d
040 ## - CATALOGING SOURCE
Transcribing agency RUA
082 ## - DEWEY DECIMAL CLASSIFICATION NUMBER
Classification number AGR ម៉ៅ 1995 B012 Or.1
100 ## - MAIN ENTRY--PERSONAL NAME
9 (RLIN) 1983
Personal name ម៉ៅ,​ សិទ្ធ
245 ## - TITLE STATEMENT
Title សត្វល្អិតបំផ្លាញអង្ករក្នុងឃ្លាំងស្តុកទុកផលិតផលនៃព្រះរាជា​​​​​​​​​​​​​​​​​​​​​​​​​​​​​​ណាចក្រកម្ពុជា
260 ## - PUBLICATION, DISTRIBUTION, ETC. (IMPRINT)
Place of publication, distribution, etc. Phnom Penh
Name of publisher, distributor, etc. RUA
Date of publication, distribution, etc. 1995
300 ## - PHYSICAL DESCRIPTION
Extent 41p.
Other physical details ill.
Dimensions 29cm.
942 ## - ADDED ENTRY ELEMENTS (KOHA)
Source of classification or shelving scheme
Koha item type AGR
Holdings
Price effective from Date last seen Permanent Location Not for loan Date acquired Source of classification or shelving scheme Koha item type Lost status Withdrawn status Date last checked out Total Checkouts Shelving location Damaged status Barcode Current Location Checked out Full call number
2015-10-042016-07-05Library Block B 2015-10-04 AGR  2016-07-051B012 RUA006101Library Block B2016-07-22AGR ម៉ៅ 1995 B012 Or.1
មជ្ឈមណ្ឌលឯការនៃសាកលវិទ្យាល័យភូមិន្ទកសិកម្មចំការដូង

Powered by Koha